Guess the Hamilton Song #1 - Statistics

General Stats
  • This quiz has been taken 529 times
  • The average score is 336 of 500
Answer Stats
Lyrics % Correct
a
98%
A
98%
I
97%
N
94%
E
92%
L
92%
D
91%
yo
90%
yo,
90%
Yo,
90%
am
88%
no
88%
R
88%
you
88%
you,
88%
You
88%
and
87%
And
87%
The
87%
the
87%
not
85%
to
85%
To
85%
He
84%
he
84%
my
84%
my,
84%
I'm
83%
shot
83%
we
83%
X
83%
away
82%
be
82%
throwin'
82%
in
81%
me
81%
me,
81%
hungry
79%
just
79%
young
79%
young,
79%
are
78%
like
78%
scrappy
78%
scrappy,
78%
country
77%
Do
76%
is
76%
on
75%
of
73%
but
71%
But
71%
King
71%
meant
71%
it
70%
so
70%
So
70%
get
69%
that
69%
your
69%
as
67%
when
67%
When
67%
College
65%
King's
65%
us
65%
will
65%
colony
64%
his
64%
scholarship
64%
this
64%
how
63%
know
63%
With
63%
with
63%
if
62%
If
62%
say,
62%
got
61%
lot
61%
runs
61%
have
60%
Have
60%
Then
60%
there
60%
they
60%
Burr,
59%
don't
59%
Don't
59%
every
59%
Every
59%
free
59%
gonna
59%
brag,
58%
diamond
58%
never
58%
or
58%
rough,
58%
shouldn't
58%
George
57%
what
57%
What
57%
coal
56%
independently
56%
keep
56%
New
56%
out
56%
piece
56%
you're
56%
astonish
55%
it's
55%
let
55%
probably
55%
word,
55%
York
55%
century
54%
life
54%
name
54%
Only
54%
polish
54%
revolution
54%
says
54%
set
54%
amaze
53%
die
53%
Hey
53%
history
53%
drop
52%
knowledge
52%
mind
52%
nineteen
52%
older
52%
shiny
52%
shittin'
52%
These
52%
these
52%
book
51%
colder,
51%
endlessly
51%
heard
51%
mentions
51%
oh,
51%
see
51%
streets
51%
brains
50%
down
50%
I'ma
50%
keeps
50%
look
50%
shoulder
50%
spree
50%
around,
49%
Enter
49%
Lafayette,
49%
pants
49%
power
49%
problem
49%
sets
49%
shocked
49%
spell
49%
spendin'
49%
take
49%
tax
49%
Britain
48%
City
48%
lay
48%
relentlessly
48%
speech,
48%
turns
48%
gotta
47%
hot
47%
talk,
47%
walk
47%
black
46%
ain't
45%
anarchy?
45%
Anarchy,
45%
disadvantage
45%
France
45%
gun
45%
make
45%
Meanwhile,
45%
same
45%
think
45%
those
45%
Until
45%
we'll
45%
Eventually,
44%
famished
44%
first
44%
goal
44%
holler
44%
Lancelot
44%
Laurens,
44%
manage,
44%
rights
44%
truly
44%
damn,
43%
Essentially,
43%
lead
43%
other
43%
reach
43%
side
43%
unimpeachable
43%
another
42%
apprentice
42%
burden,
42%
dream
42%
into
42%
plan
42%
situation
42%
trouble
42%
without
42%
you'll
42%
bondage
41%
descendants
41%
double
41%
fight,
41%
getting
41%
hard
41%
learned
41%
lower
41%
panicky
41%
some
41%
tailor's
41%
voices
41%
Wait
41%
choices
40%
dang,
40%
monarchy
40%
parentheses
40%
rock
40%
brandish
39%
chance
39%
flame
39%
odds
39%
batallion
38%
'cause
38%
stallion
38%
unrest
38%
check
37%
dark,
37%
Geniuses,
37%
spark
37%
'til
37%
advance,
36%
Let's
36%
You've
36%
fraught
35%
gods
35%
Mister
35%
socially
35%
than
35%
Tryna
35%
would
35%
fan
34%
carefully
33%
instead
33%
kettle
33%
pot
33%
rebellion
33%
sewin'
33%
blacker
31%
joining
31%
taught
31%
knuckleheads
30%
hatch
29%
sally
29%
y'all
29%
callin'
28%
loco
28%
parentis
28%
plot
27%
ascendancy
26%
No matching quizzes found
Score Distribution
Percent of People with Each Score
Percentile by Number Answered
Your Score History
You have not taken this quiz